Central Library OPAC University of Rajshahi

On thermonuclear war; (Record no. 7394)

MARC details
000 -LEADER
fixed length control field 00786cam a2200277 4500
001 - CONTROL NUMBER
control field 7394
003 - CONTROL NUMBER IDENTIFIER
rucl marc code BD-RjUL
005 - DATE AND TIME OF LATEST TRANSACTION
control field 20211208234416.0
008 - FIXED-LENGTH DATA ELEMENTS--GENERAL INFORMATION
fixed length control field 140115r19671960nyua 001 0 eng
035 ## - SYSTEM CONTROL NUMBER
System control number (BD-RjUL)7437
040 ## - CATALOGING SOURCE
Original cataloging agency DLC
Transcribing agency DLC
Modifying agency DLC
-- BD-RjUL
Language of cataloging eng
041 ## - LANGUAGE CODE
Language code of text/sound track or separate title eng
082 00 - DEWEY DECIMAL CLASSIFICATION NUMBER
Classification number 358.39
Author mark and year KAO 1967
100 1# - MAIN ENTRY--PERSONAL NAME
Personal name Kahn, Herman,
Dates associated with a name 1922-1983.
9 (RLIN) 23116
245 10 - TITLE STATEMENT
Title On thermonuclear war;
Remainder of title [three lectures and several suggestions]
Statement of responsibility, etc. Herman Kahn
250 ## - EDITION STATEMENT
Edition statement 2d ed.,
260 ## - PUBLICATION, DISTRIBUTION, ETC. (IMPRINT)
Place of publication, distribution, etc. New York :
Name of publisher, distributor, etc. Free Press ,
Date of publication, distribution, etc. c1960 [6th pri.1967].
300 ## - PHYSICAL DESCRIPTION
Pagination xx, 668 p.
Illustrations illus.
Size 23 cm.
350 ## - PRICE (NR) (BK AM CF MU VM SE) [OBSOLETE]
Price 3.95
490 0# - SERIES STATEMENT
Series statement Free Press paperback
504 ## - BIBLIOGRAPHY, ETC. NOTE
Bibliography, etc Includes index.
650 #0 - SUBJECT ADDED ENTRY--TOPICAL TERM
Topical term or geographic name as entry element Nuclear warfare.
9 (RLIN) 17169
942 ## - ADDED ENTRY ELEMENTS (KOHA)
Source of classification or shelving scheme Dewey Decimal Classification
Koha item type Books
Holdings
Lost status Source of classification or shelving scheme Damaged status Not for loan Collection code Permanent Location Current Location Shelving location Date acquired Source of acquisition Cost, normal purchase price Total Checkouts Full call number Date last seen Copy number Koha item type
  Dewey Decimal Classification   Not For Loan Non-fiction Central Library, University of Rajshahi Central Library, University of Rajshahi   24/01/1969 Zeitlinger 143.00   358.39 KAO 1967 15/01/2014 C-1 Books